00387 2200157 4500001002100000005001500021035002000036245003800056100001400094300002800108260003400136082000800170084001400178020002200192990001500214INLIS00000000000314520251119073453 a0010-11250000061 aIPS Geografi Kelas X /cSugiyanto0 aSugiyanto a174 hlm ;c20 x 25,5 cm aSolo :bTiga Serangkai,c2024 a900 a900 SUG i a978-623-199-620-6 a19596/H/26